All Fortnite Chapter 3 Season 4 Skins - Statistics

General Stats
  • This quiz has been taken 8 times
  • The average score is 16 of 69
Answer Stats
Answer % Correct
Grriz
100%
Meow Skulls
100%
Bytes
83%
Lennox Rose
83%
Paradigm (Reality-659)
83%
Spider-Gwen
83%
The Herald
83%
The Inkquisitor
83%
Twyn
83%
Black Adam
67%
Golden Gear Midas
67%
Chrome Punk
50%
Joni The Red
50%
Ready Penny
50%
A Goat
33%
Ash Williams
33%
Han Solo
33%
Iron Man Zero
33%
Leia Organa
33%
Luke Skywalker
33%
Covert Cobalt
17%
Errant
17%
FFC Chloe Kim
17%
FFC Lebron James
17%
FFC Neymar Jr
17%
FFC Sparkplug
17%
FFC TheGrefG
17%
Glitch
17%
Huntmaster Saber
17%
Mad Mochi
17%
Order Remnant
17%
Red Claw
17%
Ricochet Rox
17%
Shady Zadie
17%
Spycatcher Siren
17%
Svenja
17%
SypherPK
17%
Undying Sorrow
17%
X-23
17%
Abyss
0%
Ava
0%
Ayida
0%
Bonejamin
0%
Breakaway Boss
0%
Camille
0%
Chip Challenger
0%
Colby
0%
Dummy Supreme
0%
Field Favorite
0%
Free Kick Maverick
0%
Goal Guardian
0%
Jack O'Sassin
0%
Jun-Hwan
0%
Mighty Midfielder
0%
Mina Park
0%
Mr. Meeseeks
0%
Net Protector
0%
Penalty Patroller
0%
Polo Prodigy
0%
Queen Summer
0%
Recon Champion
0%
Red Card Renegade
0%
Remi
0%
Salvador
0%
Sinister Stare
0%
Stadium Hero '92
0%
Tackle Titan
0%
Trespasser Defector
0%
Vivica Saint
0%
No matching quizzes found
Score Distribution
Percent of People with Each Score
Percentile by Number Answered
Your Score History
You have not taken this quiz